Southville International School and Colleges
Your cart is empty.
  • Cart
  • Lists
    Public lists Eva Luna New books Lux_list list_1
    Your lists Log in to create your own lists
  • Log in to your account
  • Your cookies
  • Search history
Southville International School and Colleges
  • Advanced search
  • Recent comments
  • Most popular
  • Libraries

Log in to your account

Log in with GOOGLE


If you do not have an external account, but do have a local account, you can still log in:

  1. Home
  2. MARC view: 500 fantastic facts /
Normal view MARC view ISBD view

500 fantastic facts / (Record no. 114960)

[ view plain ]
MARC details
000 -LEADER
fixed length control field 00489nam a2200193 a 4500
001 - CONTROL NUMBER
control field 3476
005 - DATE AND TIME OF LATEST TRANSACTION
control field 20140414132117.0
008 - FIXED-LENGTH DATA ELEMENTS--GENERAL INFORMATION
fixed length control field 040603s19uu xx 00 eng d
020 ## - INTERNATIONAL STANDARD BOOK NUMBER
International Standard Book Number
050 ## - LIBRARY OF CONGRESS CALL NUMBER
Classification number REF 031.02
Item number EL2 2003
100 ## - MAIN ENTRY--PERSONAL NAME
Personal name Eldin, Peter
245 ## - TITLE STATEMENT
Title 500 fantastic facts /
Statement of responsibility, etc by Peter Eldin.
260 ## - PUBLICATION, DISTRIBUTION, ETC. (IMPRINT)
Place of publication, distribution, etc England :
Name of publisher, distributor, etc Grandreams,
Date of publication, distribution, etc [n.d.]
300 ## - PHYSICAL DESCRIPTION
Extent 90 p. ; ill. ; cm.
650 ## - SUBJECT ADDED ENTRY--TOPICAL TERM
Topical term or geographic name as entry element Facts.
650 ## - SUBJECT ADDED ENTRY--TOPICAL TERM
Topical term or geographic name as entry element World records.
650 ## - SUBJECT ADDED ENTRY--TOPICAL TERM
Topical term or geographic name as entry element Miscellanous facts.
Holdings
Withdrawn status Lost status Damaged status Use restrictions Home library Current library Shelving location Date acquired Source of acquisition Total Checkouts Full call number Barcode Date last seen Price effective from Koha item type
        Munich Library Munich Library Reference Section 11/17/2011     REF 031.02 EL2 2003 M6902 04/14/2014 04/14/2014 Books

500 fantastic facts /

APA

Eldin P., .500 fantastic facts. England: Grandreams.

Chicago

Eldin Peter, .500 fantastic facts. England: Grandreams.

Harvard

Eldin P., .500 fantastic facts. England: Grandreams.

MLA

Eldin Peter, .England: Grandreams. .

  • Place hold
  • Print
  • Cite
  • Add to your cart (remove)
  • Save record
    BIBTEX Dublin Core MARCXML MARC (non-Unicode/MARC-8) MARC (Unicode/UTF-8) MARC (Unicode/UTF-8, Standard) MODS (XML) RIS
  • More searches
    Search for this title in:
    Other Libraries (WorldCat) Other Databases (Google Scholar) Online Stores (Bookfinder.com) Open Library (openlibrary.org)

Exporting to Dublin Core...

SOUTHVILLE LIBRARY

Southville International School and Colleges Library

1281 Tropical Ave. Cor. Luxembourg St., BF Homes International, Las Pinas City

Tel. No. 8256374 / 252358 Loc. 117/146

Powered by Koha